01149nam a2200193Ia 4500001001100000003001000011008004100021040002500062041001300087100002800100245002500128250001100153260009200164300002700256500026200283501011400545520026200659650003400921L240-11936IT-CnALBA170116s9999||||xx |||||||||||||| ||und|| aIT-CnALBAcIT-CnALBA aITALIANO aBIGNAMINI EGIDIO, MONS. 0aLA SANTA BATTAGLIA.  a1a ed. aCINISELLO BALSAMO (MI)bEDIZIONI PAOLINEc1954 [1° Ed.:1954 - Ed.Ling.Originale: 1954] a228 p. (prefazione: 7) aIDEALI. PREFAZIONE DEL CARDINALE MINORETTI D. VITA. BATTAGLIA. VIRTÙ E BENE. VIGILANZA. DEMONIO. MONDO. PASSIONI. MEFISTOFELE. MOSTRO UMANO. TATTICA. PREGHIERA. MARIA. VITA SPIRITUALE. AMORE. CONFESSIONE. PAPA. FEDE. RISPETTO UMANO. PUREZZA. AMICIZIA. GES aSocietà San Paolo EM - Piazza San Paolo, 14 - 12051 ALBA (CN) (non commercial uses only) ® Copyright 2017 aIDEALI. PREFAZIONE DEL CARDINALE MINORETTI D. VITA. BATTAGLIA. VIRTÙ E BENE. VIGILANZA. DEMONIO. MONDO. PASSIONI. MEFISTOFELE. MOSTRO UMANO. TATTICA. PREGHIERA. MARIA. VITA SPIRITUALE. AMORE. CONFESSIONE. PAPA. FEDE. RISPETTO UMANO. PUREZZA. AMICIZIA. GES aTEOLOGIA SPIRITUALE CRISTIANA